|
|
|
|
| LEADER |
02206nam a22005772i 4500 |
| 001 |
001521706 |
| 003 |
CZ BrMZK |
| 005 |
20251223085303.0 |
| 007 |
ta |
| 008 |
160419s1989 gw fr|||||||||||ger d |
| 040 |
|
|
|a BOA001
|b cze
|e rda
|
| 041 |
0 |
|
|a ger
|
| 072 |
|
7 |
|a 27
|x Křesťanství. Křesťanská církev všeobecně. Eklesiologie
|2 Konspekt
|9 5
|
| 080 |
|
|
|a 27-4
|2 MRF
|
| 080 |
|
|
|a 27-784
|2 MRF
|
| 080 |
|
|
|a 27-72-144
|2 MRF
|
| 080 |
|
|
|a 27-184
|2 MRF
|
| 080 |
|
|
|a 27-673.5
|2 MRF
|
| 080 |
|
|
|a 27-549-284
|2 MRF
|
| 080 |
|
|
|a 27-543.3
|2 MRF
|
| 080 |
|
|
|a 274/278-1/-9
|2 MRF
|
| 080 |
|
|
|a 27-277.2
|2 MRF
|
| 080 |
|
|
|a (0:82-4)
|2 MRF
|
| 100 |
1 |
|
|a Bonhoeffer, Dietrich,
|d 1906-1945
|7 jn19990000925
|4 aut
|
| 245 |
1 |
0 |
|a Gemeinsames Leben ;
|b Das Gebetbuch der Bibel /
|c Dietrich Bonhoeffer ; herausgegeben von Gerhard Ludwig Müller und Albrecht Schönherr
|
| 250 |
|
|
|a 1. Aufl.
|
| 264 |
|
1 |
|a Berlin :
|b Evangelische Verlagsanstalt,
|c 1989
|
| 300 |
|
|
|a 203 stran
|
| 336 |
|
|
|a text
|b txt
|2 rdacontent
|
| 337 |
|
|
|a bez média
|b n
|2 rdamedia
|
| 338 |
|
|
|a svazek
|b nc
|2 rdacarrier
|
| 490 |
1 |
|
|a Dietrich Bonhoeffer Werke ;
|v 5. Band
|
| 504 |
|
|
|a Obsahuje bibliografii, bibliografické odkazy a rejstříky
|
| 650 |
0 |
7 |
|a křesťanský život
|7 ph122132
|2 czenas
|
| 650 |
0 |
7 |
|a křesťanská společenství
|7 ph162847
|2 czenas
|
| 650 |
0 |
7 |
|a comunio
|7 ph285151
|2 czenas
|
| 650 |
0 |
7 |
|a Bůh a člověk
|7 ph116953
|2 czenas
|
| 650 |
0 |
7 |
|a jednota
|7 ph135772
|2 czenas
|
| 650 |
0 |
7 |
|a Večeře Páně
|7 ph116945
|2 czenas
|
| 650 |
0 |
7 |
|a vyznání hříchů
|7 ph138595
|2 czenas
|
| 650 |
0 |
7 |
|a protestantské učení
|7 ph307587
|2 czenas
|
| 650 |
0 |
7 |
|a biblické citáty
|7 ph118853
|2 czenas
|
| 655 |
|
7 |
|a úvahy
|7 fd134000
|2 czenas
|
| 700 |
1 |
|
|a Müller, Gerhard Ludwig,
|d 1947-
|7 kup19990000067902
|e edt
|
| 700 |
1 |
|
|a Schönherr, Albrecht,
|d 1911-2009
|7 ola2003196388
|4 edt
|
| 700 |
1 |
2 |
|a Bonhoeffer, Dietrich,
|d 1906-1945.
|t Gemeinsames Leben
|
| 700 |
1 |
2 |
|a Bonhoeffer, Dietrich,
|d 1906-1945.
|t Gebetbuch der Bibel
|
| 800 |
1 |
|
|a Bonhoeffer, Dietrich,
|d 1906-1945.
|t Werke
|
| 910 |
|
|
|a BOA001
|b M2-1366.157
|
| 990 |
|
|
|a BK
|
| 996 |
7 |
|
|b 2610668424
|c M2-1366.157
|l MZK
|r Sklad / do 24 hodin
|n 0
|p dar
|w 001557220
|u 000010
|a 1
|e BOA001
|j MZK50
|s A
|